书目信息 |
| 题名: |
博物馆的科学管理
|
|
| 作者: | 单霁翔 著 | |
| 分册: | ||
| 出版信息: | 天津 天津大学出版社 2017.09 |
|
| 页数: | 262页 | |
| 开本: | 21cm | |
| 丛书名: | 新视野·文化遗产保护论丛 | |
| 单 册: | ||
| 中图分类: | G269.23 | |
| 科图分类: | ||
| 主题词: | 博物馆事业--bo wu guan shi ye--管理--中国 | |
| 电子资源: | ||
| ISBN: | 978-7-5618-5957-5 | |
| 000 | 01011nam 2200253 450 | |
| 001 | 0109110102 | |
| 005 | 20201109110334.0 | |
| 010 | @a978-7-5618-5957-5@dCNY25.00 | |
| 100 | @a20181129e20202017em y0chiy50 ea | |
| 101 | 0 | @achi |
| 102 | @aCN@b120000 | |
| 105 | @aa z 000yy | |
| 106 | @ar | |
| 200 | 1 | @a博物馆的科学管理@Abo wu guan de ke xue guan li@f单霁翔著 |
| 210 | @a天津@c天津大学出版社@d2017.09@h2020.01 | |
| 215 | @a262页@c照片@d21cm | |
| 225 | 2 | @a新视野·文化遗产保护论丛@Axin shi ye wen hua yi chan bao hu lun cong@h第三辑 |
| 330 | @a本书收录了《调整博物馆管理结构的对策思考》《博物馆管理浅析》《在南通博物苑一百年暨中国博物馆事业发展百年纪念大会上的讲话》《在全国博物馆工作座谈会上的讲话》《关于推动博物馆体制改革和机制创新的提案》等文章。 | |
| 461 | 0 | @12001 @a新视野·文化遗产保护论丛 |
| 606 | 0 | @a博物馆事业@Abo wu guan shi ye@x管理@y中国 |
| 690 | @aG269.23@v5 | |
| 701 | 0 | @a单霁翔@Ashan ji xiang@f(1954~)@4著 |
| 801 | 0 | @aCN@bBJSZM@c20201103 |
| 905 | @b1266336-40@dG269.23@e29@f5 | |
| 博物馆的科学管理/单霁翔著.-天津:天津大学出版社,2017.09(2020.01) |
| 262页:照片;21cm.-(新视野·文化遗产保护论丛.第三辑) |
| ISBN 978-7-5618-5957-5:CNY25.00 |
| 本书收录了《调整博物馆管理结构的对策思考》《博物馆管理浅析》《在南通博物苑一百年暨中国博物馆事业发展百年纪念大会上的讲话》《在全国博物馆工作座谈会上的讲话》《关于推动博物馆体制改革和机制创新的提案》等文章。 |
| ● |
| 相关链接 |
|
|
|
|
正题名:博物馆的科学管理
索取号:G269.23/29
 
预约/预借
| 序号 | 登录号 | 条形码 | 馆藏地/架位号 | 状态 | 备注 |
| 1 | 1266336 | 212663367 | 第一样本阅览室/ [索取号:G269.23/29] | 在馆 | |
| 2 | 1266337 | 212663376 | 教育系资料室/ [索取号:G269.23/29] | 在馆 | |
| 3 | 1266338 | 212663385 | 教育系资料室/ [索取号:G269.23/29] | 在馆 | |
| 4 | 1266339 | 212663394 | 第四借阅区/ [索取号:G269.23/29] | 在馆 | |
| 5 | 1266340 | 212663401 | 第四借阅区/ [索取号:G269.23/29] | 在馆 |